| 000 | 00604nam a22001577a 4500 | ||
|---|---|---|---|
| 999 |
_c216499 _d216499 |
||
| 005 | 20260327094447.0 | ||
| 008 | 260327b ||||| |||| 00| 0 eng d | ||
| 040 |
_aLC _cUNZA _dUNZA _eRDA |
||
| 050 | _aGOV.ZAM (02) 2024 | ||
| 110 | _aZambia. Ministry of Community Development and Social Services | ||
| 245 |
_aSocial cash transfer factsheet / _cZambia. Ministry of Community Development and Social Services |
||
| 260 |
_aLusaka: _bMinistry of Community Development and Social Services, _c2024. |
||
| 300 |
_a11 pages: _billustrations. |
||
| 650 |
_aSocial cash transfer (SCT) _zZambia |
||
| 942 | _cGOV-PUBS | ||